LDR 00768nam a2200217 i 4500 001 000000159541 003 CaOOAMICUS 005 20260423101524.0 008 070228s1992 it u000 u ita u 013 $a136904 040 $aSeMil$bita 245 10$aMatteo 1,1-16,20. 260 $aBrescia :$bMorcelliana,$c1992. 300 $a495 p. 773 0 $tVangelo secondo Matteo.$dBrescia : Morcelliana, 1992.$kNuovo Testamento commentato$z88-372-1484-7$gVol.1$w()920 850 $aSeMil 852 $aSeMil$W1$xVenegono$y1$m2Z IV 4$j270732$B111098$CSeMilBibl$Z2$F120706 $81 961 $aRecupero: Altro 996 $6245$aMatteo 1,1-16,20$9(OLS)http://semarc/title/141643 996 $6260$aBrescia :$bMorcelliana$9(OLS)http://semarc/publisher/29629